Angielski - kurs dla wiecznie początkujących /

Zapisane w:
Opis bibliograficzny
1. autor: Wiśniewska, Katarzyna (język angielski)
Format: Książka
Język:polski
angielski
Wydane: Warszawa : Wydawnictwo Edgard, 2016.
Wydanie:Wyd. 2.
Hasła przedmiotowe:
Etykiety: Dodaj etykietę
Nie ma etykietki, Dołącz pierwszą etykiete!

MARC

LEADER 00000cam#a2200000#i#4500
001 9914986154805606
005 20260515100513.0
008 170315s2016 pl a rf 00 pol d
009 b0001490109038
020 |a 9788377888117 
035 |a 427299-48omnis_network 
035 |a (PL)b0001490109038 
040 |a POZN M  |c POZN M 
041 0 |a pol  |a eng 
080 |a 811.111 
080 |a (07) 
100 1 |a Wiśniewska, Katarzyna  |c (język angielski). 
245 1 0 |a Angielski - kurs dla wiecznie początkujących /  |c Katarzyna Wiśniewska. 
250 |a Wyd. 2. 
260 |a Warszawa :  |b Wydawnictwo Edgard,  |c 2016. 
300 |a 237 s. :  |b il. ;  |c 24 cm +  |e 8 płyt (CD). 
380 |a Książki 
380 |a Publikacje dydaktyczne 
385 |m Poziom nauczania  |a Poziom podstawowy 
385 |m Poziom nauczania  |a Poziom średniozaawansowany 
500 |a Pakiet zawiera: Książkę, 7 płyt z kursem językowym, 8 płyta zawiera program komputerowy z interaktywnymi ćwiczeniami i grami językowymi. 
500 |a Na pudełku i książce: Nowa edycja bestsellera!. Opanuj angielski w 7 tygodni!. 
521 8 |a Poziom A1-B2 dla dorosłych. 
650 7 |a Podręczniki. 
650 7 |a Język angielski (przedmiot szkolny)  |2 DBN 
658 |a Edukacja i pedagogika 
658 |a Językoznawstwo 
942 |2 ddc  |c BK  |n 0 
952 |0 0  |1 0  |2 ddc  |4 0  |6 W__11_000000000000000  |7 0  |9 15  |a WRO  |b WRO  |d 2026-04-10  |e da  |g 10.00  |i WRO-011  |l 0  |o W.11  |p 2000100000113  |r 2026-04-10 23:36:40  |v 10.00  |w 2026-04-10  |y BK 
999 |c 15  |d 15